Наръчник за превенция на професионалните и свързаните с труда заболявания при работещите в строителството (Запис номер 348821)
[ съкратено ]
| 000 -Лидер | |
|---|---|
| Контролно поле с фиксирана дължина | 02366nam a2200385 c 4500 |
| 003 - Код на организацията, давaща контролен номер | |
| Контролно поле | BLK |
| 005 - Дата и час на последна редакция | |
| Контролно поле | 20221208030942.0 |
| 008 - Елементи от данни с фиксирана дължина | |
| fixed length control field | 180408b bul|||||r ||||||| ||bul|| |
| 010 ## - Наследен системен номер | |
| LC control number | KNG00072583000 |
| 020 ## - Международен стандартен номер на книга ISBN | |
| Международен стандартен номер на книга ISBN | 978-619-7452-16-7 |
| 040 ## - Източник на каталожния запис | |
| Идентификатор на билиотеката - собственик на записа | BLK |
| 041 ## - Код за език | |
| Код за езика на текст/звукозапис или на отделно заглавие | Български |
| Код за езика КДБФ | Български |
| 080 ## - УДК | |
| Текстов определител УДК | Хигиена. Лично здраве. Вж и 614 ; 616-083 |
| УДК код - определител по УДК | 613 |
| УДК определител | (075.8) |
| УДК - код + определител | 613(075.8) |
| 080 ## - УДК | |
| Текстов определител УДК | Строителство. Строителни материали. Строително-монтажни работи |
| УДК код - определител по УДК | 69 |
| 100 ## - Редна дума - Автор | |
| Автор | Христова, Лидия Илиева |
| Авторска отговорност | съавт. |
| R(LIN) | 1445 |
| 139 ## - Редно поле | |
| Редна дума | Наръчник за превенция на професионалните и свързаните с труда заболявания при работещите в строителството |
| Авторски знак | Наръ - Н 26 |
| 245 10 - Сведения за заглавието | |
| Заглавие | Наръчник за превенция на професионалните и свързаните с труда заболявания при работещите в строителството |
| Подзаглавни данни | Наръчник |
| Редно поле (дума) | Лидия Христова ... [и др.] ; науч. ред. Невена Цачева, Каролина Любомирова |
| 257 ## - Страна на издаване | |
| Страна на създаване/издаване | България |
| 260 ## - Област на издателските данни | |
| Име на издателя, разпространителя и проч. | Факултет по обществено здраве, МУ - София |
| Година на издаване | 2019 |
| Печатница | ([София] : [Симолини]) |
| 9 (RLIN) | 390673 |
| 300 ## - Физическа характеристика | |
| Размери/Мащаб | 24 см |
| Страници | 163 с. |
| Илюстрации и др. | с ил., сх. |
| 380 ## - Жанр | |
| Жанр | Медицина |
| 501 ## - Забележка „подвързано към” | |
| Забележка: Подвързано към... | Други авт.: Милена Табанска-Петкова, Невена Цачева, Каролина Любомирова<br/> |
| 504 ## - Забележка за наличие на библиография и др | |
| Забележка за наличие на библиография и под. | с. 121-127 |
| 650 #7 - Допълнително описание по предмет – тема | |
| Основно описание – тема или топоним | Наръчници |
| 9 (RLIN) | 163477 |
| 653 #7 - Ключова дума – ненормативна | |
| Ключова дума | професионални болести |
| 9 (RLIN) | 194805 |
| 653 #7 - Ключова дума – ненормативна | |
| Ключова дума | строителни работници |
| 9 (RLIN) | 197619 |
| 852 ## - Местоположение | |
| Форматна сигнатура | Цб |
| Фондова буква | Хранилище |
| 856 4# - Електронен адрес и достъп | |
| Електронен формат | pdf - файл |
| 856 4# - Електронен адрес и достъп | |
| Електронен формат | pdf - файл |
| 999 ## - СИСТЕМНИ КОНТРОЛНИ НОМЕРА | |
| Koha biblionumber | 348821 |
| Koha biblioitemnumber | 348821 |
| 942 ## - АРТИКУЛИ | |
| Вид на библиотечния материал | Книги |
| Скрит в OPAC | Не |
| Периодичен библиозапис | Да |
| 944 ## - СЪЗДАВАНЕ И РЕДАКЦИЯ на ЗАПИСА | |
| Създаване/Редакция | Създаване |
| Дата на регистрацията/редакция | 2020-02-26 |
| Служител, извършил регистрацията/редакцията | К.Д. |
| 999 ## - СИСТЕМНИ КОНТРОЛНИ НОМЕРА | |
| Koha biblioitemnumber | 348821 |
| 999 ## - СИСТЕМНИ КОНТРОЛНИ НОМЕРА | |
| Koha biblioitemnumber | 348818 |
| 999 ## - СИСТЕМНИ КОНТРОЛНИ НОМЕРА | |
| Koha biblioitemnumber | 348818 |
| 999 ## - СИСТЕМНИ КОНТРОЛНИ НОМЕРА | |
| Koha biblioitemnumber | 68265 |
| Код за отписване | Код за изгубен артикул | Източник на класификационната схема | Код за повреда | Коз за рестрикции | Код за отдаване | Артикулен № | Име на библиотеката - собственик | Име на библиотеката, в която се намира в момента | Статус (Текущо местоположение) | Дата на вписване в системата | Местоположение - отдел | Цена в лева | Систематично азбучна сигнатура | Баркод | Цена в евро | Служебен тип на артикула |
|---|---|---|---|---|---|---|---|---|---|---|---|---|---|---|---|---|
| Не е изгубен | Universal Decimal Classification | Не е повреден | само за читалня | ползва се в читалня | 756562 | Регионална библиотека "Любен Каравелов" Русе | Регионална библиотека "Любен Каравелов" Русе | Хранилище | 2020-03-20 | Хранилище | 6.00 | Цб 298997 | 120000843376 | 3.07 | Книги |